Stress analysis of ballised holes /
Saved in:
| Main Author: | |
|---|---|
| Format: | Thesis Book |
| Language: | English |
| Published: |
1998.
|
| Tags: |
Add Tag
No Tags, Be the first to tag this record!
|
| LEADER | 00663cam a2200205 a 4500 | ||
|---|---|---|---|
| 001 | u443203 | ||
| 003 | SIRSI | ||
| 008 | 990805s1998 si v 00 eng m | ||
| 035 | |a ACH-7278 | ||
| 040 | |a UMM | ||
| 090 | |a TJ7 |b NUS 1998 He | ||
| 100 | 1 | 0 | |a He, Zhimin. |
| 245 | 1 | 0 | |a Stress analysis of ballised holes / |c He Zhimin. |
| 260 | |c 1998. | ||
| 300 | |a xiii, 120 leaves : |b ill. ; |c 30 cm. | ||
| 502 | |a Dissertation (M.Eng.) -- National University of Singapore, 1998. | ||
| 504 | |a Bibliography: leaves 102-107. | ||
| 948 | |a 10/08/1999 |b 28/10/2002 | ||
| 596 | |a 1 | ||
| 999 | |a TJ7 NUS 1998 HE |w LC |c 1 |i A509000851 |l B_KOM4 |m P01UTAMA |r Y |s Y |t TESIS |u 30/10/2002 |o .PUBLIC. BKOM 4 : 45007 | ||
